Statistics for VfB Stuttgart Players by Picture (2023/24)

Click here to take the quiz!

General Stats

  • This quiz has been taken 159 times
  • The average score is 19 of 24

Answer Stats

Answer% Correct
Serhou Guirassy
98%
Deniz Undav
94%
Hiorki Ito
94%
Chris Führich
92%
Silas Katompa Mvumpa
92%
Angelo Stiller
90%
Waldemar Anton
90%
Alexander Nübel
88%
Enzo Millot
88%
Atakan Karazor
86%
Josha Vagnoman
84%
Maximilian Mittelstädt
84%
Dan-Axel Zagadou
78%
Woo-yeong Jeong
76%
Pascal Stenzel
75%
Fabian Bredlow
71%
Jamie Leweling
71%
Anthony Rouault
67%
Genki Haraguchi
65%
Roberto Massimo
65%
Dennis Seimen
57%
Lilian Egloff
57%
Leonidas Stergiou
51%
Nikolas Nartey
51%

Score Distribution

Percentile by Number Answered

Percent of People with Each Score

Your Score History

You have not taken this quiz